History, economy and religion: Mainland Southeast Asia c. first century ce–fourteenth century ce (Record no. 361202)

MARC details
000 -LEADER
fixed length control field 00549 a2200181 4500
005 - DATE & TIME
control field 20250509125830.0
008 - FIXED-LENGTH DATA ELEMENTS--GENERAL INFORMATION
fixed length control field 250509b |||||||| |||| 00| 0 eng d
020 ## - ISBN
International Standard Book Number 9789394262904
Price Rs. 1995.00
040 ## - CATALOGING SOURCE
Original cataloging agency VIVEKANANDA LIBRARY
082 ## - DDC NUMBER
Classification number 959
Book Number P886H
100 ## - MAIN ENTRY--PERSONAL NAME
Personal name Prasad, Birendra Nath
245 ## - TITLE STATEMENT
Title History, economy and religion: Mainland Southeast Asia c. first century ce–fourteenth century ce
260 ## - PUBLICATION, DISTRIBUTION, ETC. (IMPRINT)
Name of publisher, distributor, etc Manohar Publishers and Distributors
Date of publication, distribution, etc 2024
Place of publication, distribution, etc New Delhi
300 ## - PHYSICAL DESCRIPTION
Pages 351
650 ## - Subject
Subject History
650 ## - Subject
Subject Economy Religion
942 ## - ADDED ENTRY ELEMENTS (KOHA)
Koha item type Books
Holdings
Withdrawn status Lost status Source of classification or shelving scheme Damaged status Not for loan Location (home branch) Sublocation or collection (holding branch) Shelving location Date acquired Koha issues (times borrowed) Koha full call number Accession No. Koha date last seen Koha item type
    Dewey Decimal Classification     VIVEKANANDA LIBRARY VIVEKANANDA LIBRARY Vivekananda Library 17/02/2025 1 959 P886H 442358 03/04/2026 Books
© Designed and Maintained by Vivekananda Library, MDU Rohtak